150 premiers mots d'After saison 1 - Statistiques

Statistiques générales
  • Ce quiz a été pris 26 fois
  • Le résultat moyen est 47 sur 150
Statistiques - réponses
Réponse % Correct
à
88%
je
88%
Je
88%
m'
75%
ma
75%
n'
75%
d'
71%
de
71%
L'
67%
l'
67%
et
63%
Et
63%
le
63%
c'
58%
C'
58%
est
58%
se
58%
elle
54%
la
54%
les
54%
ne
54%
qu'
54%
un
54%
Mais
50%
on
50%
pas
50%
mon
46%
pour
46%
que
46%
qui
46%
son
46%
une
46%
en
42%
jour
38%
plus
38%
vous
38%
avait
33%
était
33%
mes
33%
avant
29%
Dans
25%
lycée,
25%
mère
25%
y
25%
premier
21%
université
21%
université.
21%
ait
17%
bien
17%
chaque
13%
études
13%
imaginais
13%
jamais
13%
jeune
13%
notre
13%
quelles
13%
âge,
8%
avenir.
8%
Depuis
8%
entrée
8%
importe
8%
moment
8%
option
8%
pose,
8%
première
8%
préparée,
8%
question
8%
votre
8%
vue
8%
Washington
8%
avez
4%
celle
4%
choisie,
4%
choix
4%
coachée,
4%
crucial,
4%
décidé
4%
déterminant
4%
dire
4%
essentiel
4%
faites ?
4%
laquelle
4%
même
4%
bornent
0%
but
0%
Central,
0%
construction
0%
cursus.
0%
devenu
0%
devoir
0%
enseignement
0%
entraînement
0%
fréquentée,
0%
furent
0%
impliquait
0%
intensif,
0%
j'irais
0%
jusqu'à
0%
nom,
0%
obsession.
0%
personnalité
0%
pourrais
0%
prévision
0%
réalisais
0%
reçoit.
0%
rendu
0%
société,
0%
supérieures.
0%
supérieures
0%
terminé
0%
ultime
0%
Aucun quiz correspondant
Distribution des résultats
% des personnes avec chaque résultat
Percentile par nombre de réponses
Votre historique - résultats
Vous n’avez pas pris ce quiz